| 000 | 00845cam a2200241 a 4500 | ||
|---|---|---|---|
| 001 | 151 | ||
| 003 | BR-CuiBMT | ||
| 005 | 20231109014355.0 | ||
| 008 | 230821s2021 mgba 000 0 por d | ||
| 020 | _a9786555181685 | ||
| 040 |
_aBR-CuiBMT _cBR-CuiBMT |
||
| 080 |
_22007 _a347.9 |
||
| 090 |
_a347.9 _bA663l |
||
| 100 | 1 | _aAraújo, Fabrício Simão da Cunha | |
| 245 | 1 | 2 |
_aA lógica da fundamentação das decisões judiciais : _ba dinâmica entre argumentação jurídica e a valoração probatória / _cFabrício Simão da Cunha Araújo ; prefácio: Ronaldo Brêtas de Carvalho Dias. |
| 260 |
_aBelo Horizonte : _bFórum, _c2021. |
||
| 300 |
_a236 p. : _bil. ; _c22 cm |
||
| 504 | _aInclui bibliografia. | ||
| 650 | _aTeoria geral do processo | ||
| 650 | _aDireito processual civil | ||
| 650 | _aDireito processual penal | ||
| 942 |
_2udc _cLV |
||
| 999 |
_c151 _d151 |
||